| 000 | 00628nab a2200205 a 4500 | ||
|---|---|---|---|
| 005 | 20210219160555.0 | ||
| 008 | 991125s1985 mx 000 0 spa u | ||
| 035 | _aUPN01000168324 | ||
| 100 | 1 | _aSchalock, Robert L | |
| 222 | 0 | _aSIGLO CERO | |
| 245 | 0 | 3 | _aEl concepto de calidad de vida en los servicios y apoyos para personas con discapacidad intelectual |
| 260 | _aSalamanca, EspaƱa | ||
| 300 | _a21-36 | ||
| 362 | 0 | _a2007 Vol. 38(4), no. 224 | |
| 653 | 0 | _aCALIDAD DE VIDA | |
| 653 | 0 | _aDISCAPACIDAD INTELECTUAL | |
| 653 | 0 | _aPRACTICA PROFESIONAL | |
| 700 | 1 |
_aVerdugo, Miguel Angel, _ecoaut. |
|
| 905 | _aArticulo | ||
| 999 |
_c140431 _d140431 |
||